Every Football Clubs in the World #1 - Statistics

General Stats
  • This quiz has been taken 8 times
  • The average score is 44 of 164
Answer Stats
Hint Answer % Correct
Premier League Newcastle United
80%
Premier League Sunderland
80%
Premier League West Ham United
80%
Premier League Wolverhampton Wanderers
80%
EFL Championship Wrexham FC
80%
Premier League AFC Bournemouth
60%
Premier League Arsenal
60%
Premier League Aston Villa
60%
Premier League Brentford FC
60%
Premier League Brighton & Hove Albion
60%
Premier League Burnley FC
60%
Premier League Chelsea FC
60%
Premier League Crystal Palace
60%
EFL Championship Derby County
60%
Premier League Everton FC
60%
EFL Championship FC Milwall
60%
EFL Championship FC Portsmouth
60%
Premier League Fulham FC
60%
League Two Grimsby Town
60%
EFL Championship Leicester City
60%
Premier League Liverpool FC
60%
Premier League Manchester City
60%
Premier League Manchester United
60%
Premier League Nottingham Forest
60%
EFL Championship Southampton FC
60%
Premier League Tottenham Hotspur
60%
EFL Championship West Bromwich Albion
60%
League Two Accrington Stanley
40%
League One AFC Wimbledon
40%
EFL Championship Birmingham City
40%
EFL Championship Blackburn Rovers
40%
League One Bradford City
40%
EFL Championship Bristol City
40%
League Two Bristol Rovers
40%
League Two Cambridge United
40%
League One Cardiff City
40%
EFL Championship Charlton Athletic
40%
League Two Cheltenham Town
40%
League Two Colchester United
40%
EFL Championship Coventry City
40%
League Two Crawley Town
40%
League One Doncaster Rovers
40%
League One Exeter City
40%
League One FC Barnsley
40%
League One FC Blackpool
40%
National League North FC Chester
40%
League Two FC Chesterfield
40%
National League FC Morecambe
40%
League One FC Stevenage
40%
League One Huddersfield Town
40%
EFL Championship Hull City
40%
EFL Championship Ipswich Town
40%
Premier League Leeds United
40%
League One Leyton Orient
40%
League One Lincoln City
40%
League One Luton Town
40%
League One Mansfield Town
40%
EFL Championship Middlesbrough
40%
League Two Milton Keynes Dons
40%
League One Northampton Town
40%
League Two Oldham Athletic
40%
EFL Championship Oxford United
40%
League One Peterborough United
40%
League One Plymouth Argyle
40%
League One Port Vale FC
40%
EFL Championship Preston North End
40%
EFL Championship Queens Park Rangers
40%
League One Reading FC
40%
League One Rotherham United
40%
League Two Salford City
40%
League Two Shrewsbury Town
40%
National League Southend United
40%
EFL Championship Stoke City
40%
EFL Championship Swansea City
40%
EFL Championship Watford FC
40%
League One Wigan Athletic
40%
League One Wycombe Wanderers
40%
League Two AFC Barrow
20%
National League AFC Rochdale
20%
League One Bolton Wanderers
20%
National League Boston United
20%
League One Burton Albion
20%
National League Carlisle United
20%
League Two Crewe Alexandra
20%
League Two FC Barnet
20%
National League South FC Dagenham & Redbridge
20%
National League FC Gateshead
20%
League Two FC Gillingham
20%
National League North FC Macclesfield
20%
National League South FC Salisbury
20%
League Two Fleetwood Town
20%
National League Forest Green Rovers
20%
League Two Harrogate Town
20%
National League Hartlepool United
20%
League Two Newport County
20%
EFL Championship Norwich City
20%
League Two Notts County
20%
National League Scunthorpe United
20%
EFL Championship Sheffield United
20%
EFL Championship Sheffield Wednesday
20%
National League South Slough Town
20%
National League North South Shields FC
20%
League One Stockport County
20%
National League Sutton United
20%
League Two Swindon Town
20%
National League Tamworth FC
20%
National League South Torquay United
20%
League Two Tranmere Rovers
20%
National League Truro City FC
20%
League Two Walsall FC
20%
National League Woking FC
20%
National League Yeovil Town
20%
National League York City
20%
National League North AFC Flylde
0%
National League North AFC Telford United
0%
National League South AFC Totton
0%
National League Aldershot Town
0%
National League North Alfreton Town
0%
National League Altrincham FC
0%
National League South Bath City
0%
National League North Bedford Town
0%
National League Brackley Town
0%
National League Braintree Town
0%
League Two Bromley FC
0%
National League North Buxton FC
0%
National League South Chelmsford City
0%
National League South Chesham United
0%
National League South Chippenham Town
0%
National League North Chorley FC
0%
National League North Curzon Ashton
0%
National League South Dorking Wanderers
0%
National League South Dover Athletic
0%
National League South Eastbourne Borough
0%
National League Eastleigh FC
0%
National League South Ebbsfleet United
0%
National League South Enfield Town
0%
National League South Farnborough FC
0%
National League FC Boreham Wood
0%
National League North FC Darlington
0%
National League FC Halifax Town
0%
National League North FC Hereford
0%
National League North FC Radcliffe
0%
National League South Hampton & Richmond Borough
0%
National League South Hemel Hempstead Town
0%
National League South Hornchurch FC
0%
National League South Horsham FC
0%
National League North Kidderminster Harriers
0%
National League North King's Lynn Town
0%
National League North Leamington FC
0%
National League South Maidenhead United
0%
National League South Maidstone United
0%
National League North Marine FC
0%
National League North Merthyr Town FC
0%
National League North Oxford City
0%
National League North Peterborough Sports
0%
National League North Scarborough Athletic
0%
National League Solihull Moors
0%
National League North Southport FC
0%
National League North Spennymoor Town
0%
National League South Tonbridge Angels
0%
National League Wealdstone FC
0%
National League South Weston-super-Mare AFC
0%
National League North Worksop Town
0%
National League South Worthing FC
0%
No matching quizzes found
Score Distribution
Percent of People with Each Score
Percentile by Number Answered
Your Score History
You have not taken this quiz